00337nam a2200121Ia 4500008004100000020001400041050001500055100002200070245004800092260003800140300002400178650001300202150202s9999 xx 000 0 und d a345303067 aFIC bFIC  aClarke, Arthur C. a2010 :O bOdyssey two /cArthur C. Clarke. aNew York :bDel Ray Books,c1982. a335 pages :c18 cm. aFiction.